[Event "VIE-chB"]
[Site "Ba Dinh"]
[Date "2018.12.01"]
[Round "6"]
[White "Phan, Luong"]
[Black "Nguyen, Viet Huy"]
[Result "1-0"]
[WhiteElo "1793"]
[BlackElo "1863"]
[PlyCount "69"]
[EventDate "2018.11.28"]
[EventType "swiss"]
[EventRounds "9"]
[EventCountry "VIE"]
[SourceTitle "EXT 2021"]
[Source "ChessBase"]
[SourceDate "2020.10.23"]
[SourceVersion "1"]
[SourceVersionDate "2020.10.23"]
[SourceQuality "1"]

1. e4 Nf6 2. d3 d5 3. Nd2 Nc6 4. Ngf3 Bg4 5. Be2 e5 6. h3 Be6 7. 0-0 h6 8. Re1 Qd7 9. d4 dxe4 10. Nxe5 Qxd4 11. Nxc6 bxc6 12. c3 Qd7 13. Qa4 e3 14. fxe3 Bc5 15. Nb3 Bxb3 16. axb3 0-0 17. b4 Bd6 18. Bf3 Qe6 19. Bxc6 Qe5 20. Bxa8 Rxa8 21. Qc6 Re8 22. Qf3 Qh2+ 23. Kf1 Bg3 24. Rd1 Ne4 25. Ke2 Ng5 26. Qf1 Bh4 27. Kd3 Qe5 28. Kc2 Qe4+ 29. Kb3 Ne6 30. Qc4 Qxg2 31. Qxh4 Nc5+ 32. bxc5 Rb8+ 33. Ka3 Qc2 34. Rd8+ Rxd8 35. Qxd8+ 1-0

[Event "VIE-chB"]
[Site "Ba Dinh"]
[Date "2018.11.30"]
[Round "4"]
[White "Nguyen, Viet Huy"]
[Black "Nguyen, Hoang Nam2"]
[Result "0-1"]
[WhiteElo "1863"]
[BlackElo "2162"]
[PlyCount "64"]
[EventDate "2018.11.28"]
[EventType "swiss"]
[EventRounds "9"]
[EventCountry "VIE"]
[SourceTitle "EXT 2021"]
[Source "ChessBase"]
[SourceDate "2020.10.23"]
[SourceVersion "1"]
[SourceVersionDate "2020.10.23"]
[SourceQuality "1"]

1. d4 d6 2. g3 g6 3. Bg2 Bg7 4. c4 f5 5. Qb3 Nc6 6. e3 Nf6 7. Nc3 0-0 8. c5+ Kh8 9. cxd6 cxd6 10. d5 Ne5 11. Qd1 b5 12. Nxb5 Qa5+ 13. Nc3 Ba6 14. Bf1 Ne4 15. Bd2 Bxf1 16. Kxf1 Nd3 17. Nge2 Ndxf2 18. Nxe4 Nxd1 19. Bxa5 fxe4+ 20. Ke1 Nxe3 21. Nf4 Nc2+ 22. Ke2 Nxa1 23. Rxa1 Bxb2 24. Rb1 Be5 25. Rb7 Rf7 26. Ne6 h6 27. Ke3 Rc8 28. Bc7 Rf3+ 29. Kxe4 Ra3 30. h4 h5 31. Nd8 Bxg3 32. Nc6 Rf8 0-1

[Event "VIE-chB"]
[Site "Ba Dinh"]
[Date "2018.11.28"]
[Round "1"]
[White "Pham, Chuong"]
[Black "Nguyen, Viet Huy"]
[Result "1-0"]
[WhiteElo "2383"]
[BlackElo "1863"]
[PlyCount "45"]
[EventDate "2018.11.28"]
[EventType "swiss"]
[EventRounds "9"]
[EventCountry "VIE"]
[SourceTitle "EXT 2021"]
[Source "ChessBase"]
[SourceDate "2020.10.23"]
[SourceVersion "1"]
[SourceVersionDate "2020.10.23"]
[SourceQuality "1"]

1. d4 Nf6 2. c4 e6 3. g3 Bb4+ 4. Bd2 Qe7 5. Nf3 Nc6 6. Nc3 Bxc3 7. Bxc3 Ne4 8. Rc1 0-0 9. Bg2 d6 10. d5 Nxc3 11. Rxc3 Nb8 12. dxe6 fxe6 13. Nd4 c6 14. 0-0 Nd7 15. b4 a5 16. b5 Nc5 17. bxc6 e5 18. Re3 Ra6 19. Nb3 Ne6 20. c5 bxc6 21. cxd6 Qd8 22. Rxe5 a4 23. Nd4 1-0

[Event "VIE-ch U20"]
[Site "Hai Phong"]
[Date "2018.07.08"]
[Round "2"]
[White "Hoang, Tan Duc"]
[Black "Nguyen, Viet Huy"]
[Result "0-1"]
[WhiteElo "1751"]
[BlackElo "1737"]
[PlyCount "52"]
[EventDate "2018.07.07"]
[EventType "swiss"]
[EventRounds "7"]
[EventCountry "VIE"]
[SourceTitle "EXT 2019"]
[Source "ChessBase"]
[SourceDate "2018.10.10"]
[SourceVersion "1"]
[SourceVersionDate "2018.10.10"]
[SourceQuality "1"]

1. d4 d5 2. Bg5 Bf5 3. e3 c6 4. c4 Bxb1 5. Qxb1 dxc4 6. b4 cxb3 7. axb3 Qb6 8. Nf3 e6 9. Bd3 Bb4+ 10. Ke2 h6 11. Bh4 Nd7 12. Rd1 Ngf6 13. h3 Nd5 14. Qc2 Nc3+ 15. Kf1 Nxd1 16. Rxd1 Be7 17. Bg3 0-0 18. Qa2 c5 19. Bb1 Rfd8 20. Ne5 Nxe5 21. Bxe5 cxd4 22. Bxd4 Bc5 23. Qc2 Bxd4 24. Qh7+ Kf8 25. exd4 Rxd4 26. Re1 Rad8 0-1

[Event "VIE-chT"]
[Site "Ho Chi Minh City"]
[Date "2017.07.29"]
[Round "9.20"]
[White "Nguyen, Viet Huy"]
[Black "Nguyen, Dang Hong Phuc"]
[Result "0-1"]
[WhiteElo "1656"]
[BlackElo "2169"]
[PlyCount "76"]
[EventDate "2017.07.24"]
[EventType "team-swiss"]
[EventRounds "9"]
[EventCountry "VIE"]
[SourceTitle "EXT 2019"]
[Source "ChessBase"]
[SourceDate "2018.10.10"]
[SourceVersion "1"]
[SourceVersionDate "2018.10.10"]
[SourceQuality "1"]

1. c4 Nf6 2. Nc3 e6 3. d4 Bb4 4. e3 b6 5. Nge2 Ne4 6. a3 Nxc3 7. Nxc3 Bxc3+ 8. bxc3 Nc6 9. Bd3 Ba6 10. 0-0 Na5 11. Qe2 d6 12. Rd1 Qd7 13. a4 Rc8 14. Ba3 c5 15. d5 0-0 16. Bc1 f5 17. e4 Rce8 18. exf5 exd5 19. Qf3 Bxc4 20. Bxc4 dxc4 21. g4 Nb3 22. Rb1 d5 23. Be3 d4 24. cxd4 cxd4 25. Qf4 Rd8 26. h4 Qd5 27. h5 h6 28. Qc7 Rd7 29. Qf4 c3 30. Rd3 c2 31. Rbxb3 dxe3 32. Qxe3 Qxb3 33. Rxb3 Rd1+ 34. Kg2 c1Q 35. Qe6+ Kh8 36. Re3 Rg1+ 37. Kf3 Qd1+ 38. Re2 Re1 0-1

[Event "VIE-chT"]
[Site "Ho Chi Minh City"]
[Date "2017.07.26"]
[Round "4.15"]
[White "Nguyen, Viet Huy"]
[Black "Tong, Thai Hung"]
[Result "1-0"]
[WhiteElo "1656"]
[BlackElo "2182"]
[PlyCount "103"]
[EventDate "2017.07.24"]
[EventType "team-swiss"]
[EventRounds "9"]
[EventCountry "VIE"]
[SourceTitle "EXT 2019"]
[Source "ChessBase"]
[SourceDate "2018.10.10"]
[SourceVersion "1"]
[SourceVersionDate "2018.10.10"]
[SourceQuality "1"]

1. c4 e6 2. Nf3 d5 3. e3 Nf6 4. b3 c5 5. Bb2 Nc6 6. cxd5 exd5 7. d3 Bd6 8. Be2 0-0 9. 0-0 Re8 10. d4 cxd4 11. Nxd4 Ne5 12. Nd2 a6 13. N2f3 Ng6 14. Qd3 Ne4 15. Rfd1 Nh4 16. Rf1 Ng6 17. Rad1 Qa5 18. a3 Bf8 19. b4 Qa4 20. Rc1 Qd7 21. Rfd1 Qg4 22. h3 Qh5 23. Nh2 Qh4 24. Rf1 Ne5 25. Qd1 Bxh3 26. gxh3 Qxh3 27. Bg4 Nxg4 28. Qxg4 Qxg4+ 29. Nxg4 a5 30. Nb5 Red8 31. Nc7 Rac8 32. Rfd1 axb4 33. axb4 Bxb4 34. Nxd5 Rxc1 35. Bxc1 Kf8 36. f3 Ng5 37. Kg2 f5 38. Ne5 Ne6 39. e4 fxe4 40. fxe4 Bc5 41. Bd2 Ra8 42. Nd7+ Kg8 43. Nxc5 Nxc5 44. Kf3 Re8 45. Re1 Rf8+ 46. Ke3 Re8 47. Nc3 Nb3 48. Rb1 Nxd2 49. Kxd2 Re7 50. Ke3 g5 51. Nd5 Rf7 52. e5 1-0

[Event "VIE-ch"]
[Site "Hanoi"]
[Date "2017.04.21"]
[Round "8"]
[White "Pham, Chuong"]
[Black "Nguyen, Viet Huy"]
[Result "1-0"]
[WhiteElo "2385"]
[BlackElo "1710"]
[PlyCount "93"]
[EventDate "2017.04.16"]
[EventType "swiss"]
[EventRounds "11"]
[EventCountry "VIE"]
[SourceTitle "CBM 178 Extra"]
[Source "ChessBase"]
[SourceDate "2017.06.22"]
[SourceVersion "1"]
[SourceVersionDate "2017.06.22"]
[SourceQuality "1"]

1. d4 Nf6 2. c4 e6 3. g3 Bb4+ 4. Bd2 Qe7 5. Nf3 0-0 6. Bg2 Bxd2+ 7. Qxd2 d6 8. Nc3 c6 9. 0-0 e5 10. Ne1 e4 11. Nc2 d5 12. cxd5 cxd5 13. Ne3 Be6 14. Rac1 Nc6 15. a3 Rad8 16. b4 a6 17. Na4 Nd7 18. f4 f5 19. Rc3 Qf6 20. Nc2 Rc8 21. e3 Na7 22. Rxc8 Rxc8 23. Nc5 b6 24. Nxa6 Bf7 25. Rc1 Qc6 26. Bf1 Nf6 27. Nc5 bxc5 28. dxc5 Qa4 29. Nd4 g6 30. Qb2 Ng4 31. Re1 Be8 32. h3 Nh6 33. b5 Bd7 34. Rc1 Nf7 35. c6 Be8 36. Ne6 d4 37. Nxd4 Nd6 38. Ne6 Kf7 39. Ng5+ Kg8 40. Ne6 Kf7 41. Qg7+ Kxe6 42. Qe5+ Kf7 43. Qxd6 Bxc6 44. bxc6 Rxc6 45. Qd7+ Kf6 46. Qd8+ Kf7 47. Rd1 1-0

[Event "ASEAN-ch U16 17th"]
[Site "Dusit Thani"]
[Date "2016.05.30"]
[Round "1.3"]
[White "Miciano, John Marvin"]
[Black "Nguyen, Viet Huy"]
[Result "1-0"]
[WhiteElo "2044"]
[BlackElo "1656"]
[PlyCount "135"]
[EventDate "2016.05.30"]
[EventType "swiss"]
[EventRounds "9"]
[EventCountry "THA"]
[SourceTitle "EXT 2024"]
[Source "ChessBase"]
[SourceDate "2023.10.10"]
[SourceVersion "1"]
[SourceVersionDate "2023.10.10"]
[SourceQuality "1"]

1. e4 Nf6 2. e5 Nd5 3. Nc3 Nb6 4. d4 d6 5. Nf3 g6 6. h3 Bg7 7. Bd3 Nc6 8. Qe2 0-0 9. 0-0 Nb4 10. Bf4 Nxd3 11. cxd3 Bf5 12. Rad1 Qd7 13. d5 dxe5 14. Nxe5 Qd8 15. Qf3 Bd7 16. Rfe1 f6 17. Nc4 Nc8 18. Na5 Nd6 19. Nb3 Kh8 20. Nc5 Re8 21. Ne6 Qc8 22. Rc1 Bxe6 23. Rxe6 Qd7 24. Rce1 Nf5 25. Qe4 Bf8 26. Qc4 Rec8 27. Ne4 Rd8 28. Nc3 Rac8 29. Qb3 c6 30. Qa4 cxd5 31. Qxa7 d4 32. Nd1 Ra8 33. Qb6 Rxa2 34. Qb3 Ra7 35. f3 Ng7 36. Rb6 e5 37. Bh6 Nf5 38. Bxf8 Rxf8 39. Nf2 Ne3 40. Ng4 Nxg4 41. hxg4 Qf7 42. Qb4 Rc8 43. g5 fxg5 44. Qd6 Ra5 45. Qb4 Rac5 46. Rxb7 Qf4 47. Rb8 Qg3 48. Ra1 Rc2 49. Rxc8+ Rxc8 50. Qb7 Rf8 51. Qe7 Qf4 52. Ra7 Qe3+ 53. Kh2 Qf4+ 54. g3 Qd2+ 55. Kh3 g4+ 56. Kxg4 Qh6 57. Qxe5+ Kg8 58. Qd5+ Kh8 59. Qxd4+ Kg8 60. Qd5+ Kh8 61. f4 Qh5+ 62. Qxh5 gxh5+ 63. Kxh5 Rd8 64. b4 Rxd3 65. g4 Rd4 66. b5 Rxf4 67. b6 Rb4 68. b7 1-0

[Event "VIE-ch U15"]
[Site "Ho Chi Minh City"]
[Date "2014.07.17"]
[Round "8"]
[White "Nguyen, Dac Huy"]
[Black "Nguyen, Viet Huy"]
[Result "0-1"]
[WhiteElo "1861"]
[BlackElo "1656"]
[PlyCount "88"]
[EventDate "2014.07.13"]
[EventType "swiss"]
[EventRounds "9"]
[EventCountry "VIE"]
[SourceTitle "EXT 2016"]
[Source "ChessBase"]
[SourceDate "2015.10.08"]
[SourceVersion "1"]
[SourceVersionDate "2015.10.08"]
[SourceQuality "1"]

1. e4 g6 2. d4 d6 3. b3 Nf6 4. Nd2 e5 5. Bb2 Nc6 6. Bb5 exd4 7. Bxc6+ bxc6 8. Bxd4 Bg7 9. Ngf3 0-0 10. 0-0 c5 11. Bxf6 Bxf6 12. Rb1 Re8 13. c4 Bb7 14. Qc2 Qd7 15. h3 Re7 16. Rfe1 Rae8 17. Re2 Bg7 18. Rbe1 Qe6 19. Nf1 Qf6 20. Ng3 Qf4 21. Qd3 Kf8 22. Re3 Qf6 23. Nh2 h5 24. Ngf1 Qd4 25. f3 Qxd3 26. Rxd3 f5 27. Nd2 fxe4 28. fxe4 Bxe4 29. Nxe4 Rxe4 30. Rxe4 Rxe4 31. Nf3 Bh6 32. Kf2 Ke7 33. Ng1 Ke6 34. Ne2 c6 35. Kf3 Re5 36. Nf4+ Bxf4 37. Kxf4 Rf5+ 38. Ke3 d5 39. g3 Ke5 40. g4 hxg4 41. hxg4 d4+ 42. Ke2 Rf4 43. Rg3 g5 44. Kd3 Rf2 0-1

[Event "VIE-ch U15"]
[Site "Ho Chi Minh City"]
[Date "2014.07.13"]
[Round "1"]
[White "Nguyen, Viet Huy"]
[Black "Tran, Minh Thang"]
[Result "0-1"]
[WhiteElo "1656"]
[BlackElo "2053"]
[PlyCount "89"]
[EventDate "2014.07.13"]
[EventType "swiss"]
[EventRounds "9"]
[EventCountry "VIE"]
[SourceTitle "EXT 2016"]
[Source "ChessBase"]
[SourceDate "2015.10.08"]
[SourceVersion "1"]
[SourceVersionDate "2015.10.08"]
[SourceQuality "1"]

1. c4 Nf6 2. Nc3 d5 3. cxd5 Nxd5 4. g3 g6 5. Bg2 Nxc3 6. bxc3 Bg7 7. d4 c5 8. Bb2 Nc6 9. e3 Bf5 10. e4 Bd7 11. Ne2 Na5 12. Rb1 0-0 13. 0-0 Nc4 14. Ba1 Rb8 15. Nf4 Qa5 16. e5 Ba4 17. Qc1 Bc6 18. Nd5 Kh8 19. Rd1 cxd4 20. Nf4 Bxg2 21. Kxg2 Qxe5 22. Re1 Qd6 23. cxd4 b5 24. a4 a6 25. axb5 axb5 26. Qd1 e6 27. Rb3 Rfd8 28. Rd3 Kg8 29. Qb3 Nb6 30. Kg1 Nd5 31. Nxd5 Qxd5 32. Qxd5 Rxd5 33. f4 h6 34. Kf2 Ra8 35. Red1 Rxa1 36. Rxa1 Bxd4+ 37. Rxd4 Rxd4 38. Rb1 Rd5 39. Kf3 Kg7 40. Rb4 Kf6 41. h4 h5 42. Ke4 Rc5 43. Kf3 Kf5 44. Rb3 f6 45. Rd3 0-1

[Event "VIE-ch U13"]
[Site "Da Lat"]
[Date "2013.07.??"]
[Round "2"]
[White "Do, Duc Viet"]
[Black "Nguyen, Viet Huy"]
[Result "1-0"]
[WhiteElo "1677"]
[BlackElo "1656"]
[PlyCount "79"]
[EventDate "2013.07.13"]
[EventType "swiss"]
[EventRounds "9"]
[EventCountry "VIE"]
[SourceTitle "EXT 2014"]
[Source "ChessBase"]
[SourceDate "2013.11.20"]
[SourceVersion "1"]
[SourceVersionDate "2013.11.20"]
[SourceQuality "1"]

1. e4 c5 2. Nc3 d6 3. g3 Nc6 4. Bg2 Nf6 5. d3 Nd4 6. h3 e5 7. Be3 Qb6 8. Rb1 Be6 9. a3 g6 10. Qd2 Bg7 11. Nge2 Rd8 12. 0-0 Nd7 13. f4 exf4 14. Nxf4 Nf6 15. Qf2 0-0 16. b4 Qa6 17. Nxe6 fxe6 18. Qd2 Nd7 19. bxc5 Nxc5 20. Kh1 Qxa3 21. Rxf8+ Rxf8 22. Bxd4 Bxd4 23. Nb5 Qa2 24. Qd1 Bg7 25. Nxd6 Rf2 26. Nxb7 Rxc2 27. Nxc5 Rxg2 28. Rb8+ Bf8 29. Rxf8+ Kxf8 30. Qf3+ Ke7 31. Qxg2 Qb1+ 32. Kh2 Kd6 33. d4 a5 34. e5+ Kc7 35. Nxe6+ Kd7 36. Nc5+ Kc7 37. Qd2 Qb5 38. Qc2 Kd8 39. e6 Qc6 40. Qb3 1-0

[Event "VIE-ch U13"]
[Site "Da Lat"]
[Date "2013.07.??"]
[Round "1"]
[White "Nguyen, Viet Huy"]
[Black "Dang, Huu Bang"]
[Result "1/2-1/2"]
[WhiteElo "1656"]
[BlackElo "1962"]
[PlyCount "135"]
[EventDate "2013.07.13"]
[EventType "swiss"]
[EventRounds "9"]
[EventCountry "VIE"]
[SourceTitle "EXT 2014"]
[Source "ChessBase"]
[SourceDate "2013.11.20"]
[SourceVersion "1"]
[SourceVersionDate "2013.11.20"]
[SourceQuality "1"]

1. d4 d5 2. c4 e6 3. Nc3 Nc6 4. Nf3 Nf6 5. e3 g6 6. b3 Bb4 7. Bd2 Bf8 8. Bd3 Bg7 9. 0-0 0-0 10. Ne2 Bd7 11. Rc1 Re8 12. Ne5 Nxe5 13. dxe5 Ne4 14. Bxe4 dxe4 15. Bc3 Qe7 16. Qc2 Qg5 17. Qb2 c5 18. Rcd1 Rad8 19. Qa3 Bxe5 20. Qxa7 Bxc3 21. Nxc3 Bc6 22. Na4 Bxa4 23. Qxa4 Ra8 24. Qb5 Re7 25. Rd2 Rc7 26. Rfd1 Rac8 27. h3 Qe5 28. a4 f5 29. Rd6 f4 30. exf4 Qxf4 31. Rxe6 Rf8 32. Re8 Qxf2+ 33. Kh1 e3 34. Rxf8+ Kxf8 35. Qa5 Rc8 36. Qe1 Re8 37. a5 Kg8 38. Kh2 e2 39. Rb1 Qf4+ 40. g3 Qe4 41. Ra1 Qd4 42. Rb1 Qd3 43. Rc1 Qxb3 44. Qf2 Qd1 45. Qg2 Qxc1 46. Qd5+ Kg7 47. Qd7+ Kf8 48. Qd6+ Kf7 49. Qd5+ Kg7 50. Qd7+ Kf8 51. Qd6+ Kf7 52. Qd5+ Kf6 53. Qd6+ Re6 54. Qf8+ Ke5 55. Qxc5+ Ke4 56. Qd5+ Ke3 57. Qxe6+ Kd3 58. Qd5+ Kc2 59. Qe4+ Kd1 60. Qd3+ Qd2 61. Qb1+ Qc1 62. Qd3+ Ke1 63. Kg2 Qd1 64. Qc3+ Qd2 65. Qa1+ Qd1 66. Qc3+ Qd2 67. Qa1+ Qd1 68. Qc3+ 1/2-1/2